| 000 | 00711nam a22002055i 4500 | ||
|---|---|---|---|
| 001 | 157600 | ||
| 003 | ES-MaACL | ||
| 005 | 20230906210736.0 | ||
| 008 | 040902s1895 it af |||| | ita d | ||
| 040 |
_aCAM _bspa _cCAM |
||
| 100 | 1 |
_aLeta, Biaggio M. la _c(S.I.) _9128908 |
|
| 245 | 1 | 0 |
_aCosmografía _b: uno sguardo all'universo / _cdel P. Biaggio M. la Leta, S.I.; con 11 incisioni e 3 tavole fuori testo. |
| 260 |
_aMilano : _bUlrico Hoepli, _c1895 ( _fTip. Lombardi) |
||
| 300 |
_aXV, 197 p., [3] h. de lám. dobles ; _c16 cm. |
||
| 490 | 1 | _aManuali Hoepli | |
| 752 |
_aItalia - _dMilá\p\sn |
||
| 830 | 0 |
_aManuali Hoepli _9180782 |
|
| 852 |
_aES-MaACL _jD-3612 _z-- Enc. tela |
||
| 999 |
_c157600 _d157600 |
||